| 000 | 00810cam a2200205 4500 | ||
|---|---|---|---|
| 001 | ABS66291 | ||
| 008 | 021219n2002 000 0 eng u | ||
| 035 | _a(Sirsi) u120842 | ||
| 100 | _aHamson, L | ||
| 245 | _aAre you independent? | ||
| 260 | _c2002 | ||
| 490 |
_aProperty Week _v67(38) 4 October 2002, 33-36(4) |
||
| 520 | _aFeature on corporate strategy on whether the market share of the corporate giants is under threat, as mid-sized operators are fighting the domination of global firms with advertising campaigns which emphasise the personal service they offer, and their independence from their transatlantic bosses. | ||
| 590 | _aABS | ||
| 650 | _aCORPORATE STRATEGY | ||
| 650 | _aMARKET SHARE | ||
| 650 | _aADVERTISING | ||
| 690 | _aPROPERTY MANAGEMENT-CORPORATE REAL ESTATE | ||
| 942 | _n0 | ||
| 999 |
_c71820 _d71820 |
||